Constructing intelligent agents with Java : a programmer's guide to smarter applications /

Guardado en:
Autor Principal: Bigus, Joseph P.
Otros Autores: Bigus, Jennifer, 1960-
Formato: Libro
Idioma:English
Publicado: New York : Wiley, 1998.
Materias:
Etiquetas: Agregar Etiqueta
Sin Etiquetas, Sea el primero en etiquetar este registro!
LEADER 00918nam a22002415a 4500
001 DCC.dcic000073
008 970826s1998####nyua#####b####001#0#eng##
005 20151124152335.0
245 1 0 |a Constructing intelligent agents with Java :  |b a programmer's guide to smarter applications /  |c Joseph Bigus, Jennifer Bigus. 
260 |a New York :  |b Wiley,  |c 1998. 
300 |a xxxv, 379 p. :  |b ill. ;  |c 24 cm. +  |e 1 computer laser optical disc (4 3/4 in.) 
500 |a "Wiley Computer Publishing." 
504 |a Includes bibliographical references and index. 
020 |a 0471191353 (pbk. : CD-ROM : alk. paper) 
100 1 |a Bigus, Joseph P. 
700 1 |a Bigus, Jennifer,  |d 1960- 
082 0 0 |a 006.3  |2 21 
650 0 |a Intelligent agents (Computer software) 
650 0 |a Java (Computer program language) 
010 |a  97037931  
040 |a DLC  |c DLC  |d DLC 
050 0 0 |a QA76.76.I58  |b B563 1998 
859 |a DCIC  |b BIB. COMPUTACION  |p 1119